00568nam a22002177a 4500003000500000005001700005008004100022010001000063011001000073035001000083040000900093082001600102110001100118245004700129260002700176300000900203490003900212650002500251650003500276830003900311CHAP20220817041312.0971013s1960 r 00010 d a10790 a11762 a11066 cCHAP a581.634bU5 aUNESCO aLes plantes medicineles des regions arides aParis :bUNESCO,c1960 a99 p aRecherches sur la zone aridev; 1314aBotánica médica.14aBotánicaxRegiones áridas.0 aRecherches sur la zone aridev; 13